000 00346nam a2200145Ia 4500
008 241014s9999||||xx |||||||||||||| ||und||
020 _aN/A
060 _aQT 18 B 2001
100 _aBullock, John.
245 0 _aNMS Physiology.
250 _a4th
260 _bLippincott Williams and Wilkins
_c2001
650 _aPhysiology
942 _bDIMC
_cBK
999 _c10473
_d10473